| 000 | 00671nam a2200181 i 4500 | ||
|---|---|---|---|
| 001 | 52815 | ||
| 003 | ES-MaACL | ||
| 005 | 20251124140339.0 | ||
| 007 | t| | ||
| 008 | 030904s1983 sp ||||1| spa d | ||
| 111 | 2 |
_aMesa Redonda sobre el Defensor del Pueblo y la Administración _d(1981. _cMadrid) _9916 |
|
| 245 | 1 | 0 |
_aMesa Redonda sobre el Defensor del Pueblo y la Administración _b: julio de 1981 : actas y documentos. |
| 250 | _a[2ª ed.]. | ||
| 260 |
_a[Madrid] : _b[Presidencia del Gobierno, Servicio Central de Publicaciones, _c1983] |
||
| 710 | 1 |
_aEspaña. _bPresidencia del Gobierno. _93951 |
|
| 852 |
_aES-MaACL _jL-5711 _bR.106069 |
||
| 999 |
_c52815 _d52815 |
||